The Methodist Church : minutes of the annual conference held in Ipswich June 2001 and annual directory (Record no. 29985)

MARC details
000 -LEADER
fixed length control field 00675nam a2200157Ia 4500
008 - FIXED-LENGTH DATA ELEMENTS--GENERAL INFORMATION
fixed length control field 081213s9999 xx 000 0 und d
050 ## - LIBRARY OF CONGRESS CALL NUMBER
Classification number REF BX8322
Item number .M48 2001
100 ## - MAIN ENTRY--PERSONAL NAME
Personal name Methodist Church
245 ## - TITLE STATEMENT
Title The Methodist Church : minutes of the annual conference held in Ipswich June 2001 and annual directory
Statement of responsibility, etc Methodist Church.; Methodist Church. Annual Conference
260 ## - PUBLICATION, DISTRIBUTION, ETC. (IMPRINT)
Date of publication, distribution, etc 2001
Place of publication, distribution, etc London
Name of publisher, distributor, etc Methodist Conference Office
300 ## - PHYSICAL DESCRIPTION
Extent 499 p.;
Dimensions 21 cm.
500 ## - GENERAL NOTE
General note includes index
650 ## - SUBJECT ADDED ENTRY--TOPICAL TERM
Topical term or geographic name as entry element Methodist Church
942 ## - ADDED ENTRY ELEMENTS (KOHA)
Item type Book
Source of classification or shelving scheme Library of Congress Classification
Holdings
Withdrawn status Lost status Source of classification or shelving scheme Damaged status Not for loan Collection code Home library Current library Shelving location Date acquired Source of acquisition Full call number Barcode Copy number Price effective from Koha item type Public note
Withdrawn   Library of Congress Classification   Not For Loan Non-fiction Bishop Okullu Memorial Library (Limuru Campus) Bishop Okullu Memorial Library (Limuru Campus) Reference 22/11/2011 purchase REF BX8322 .M48 2001 029433 1 22/11/2011 Book Outdated